000 00558nam a2200205Ia 4500
005 20230609133810.0
008 131103s9999 xx 000 0 und d
040 _aLoreto College
041 _aEnglish
082 _a938
_bELI
100 _aEliot,Alexander
245 _aLa Greece
_cAlexander Eliot
260 _a[s.l.]
_bCollections Time - Life
_c1963 (1970 printing)
300 _a155 p.
_b ill.
504 _aIncludes bibliographical references
650 _aAncient History
651 _aGreece - Ancient History
850 _aLCLIB
942 _cBK
999 _c8614
_d59093